Vrai nom des artistes francophones - Statistiques

Statistiques générales
  • Ce quiz a été pris 261 fois
  • Le résultat moyen est 10 sur 20
Statistiques - réponses
Nom de naissance Nom d'artiste % Correct
Mylène Jeanne Gautier Mylène Farmer
88%
Florian et Olivio Ordoñez Bigflo et Oli
83%
Jean-Philippe Smet Johnny Hallyday
78%
Matthieu Chedid M
77%
Julien Mari Jul
74%
Aurélien Cotentin Orelsan
67%
Mélanie Georgiades Diam's
53%
Gandhi Alimasi Djuna Gims
52%
Ken Samaras Nekfeu
52%
Laure Pester Lorie
47%
Isabelle de Truchis de Varennes Zazie
43%
Paul Van Haver Stromae
39%
Julien Schwarzer SCH
36%
Saïd M'Roumbaba Soprano
35%
Anne Peichert Louane
27%
Fabien Marsaud Grand Corps Malade
26%
William Kalubi Mwamba Damso
25%
Charlotte Gonin Vitaa
22%
Pierre Garand Garou
17%
Samanta Cotta Santa
10%
Aucun quiz correspondant
Distribution des résultats
% des personnes avec chaque résultat
Percentile par nombre de réponses
Votre historique - résultats
Vous n’avez pas pris ce quiz